| 000 | 00509nam a2200193 a 4500 | ||
|---|---|---|---|
| 001 | 1766046744193 | ||
| 003 | YourLibrary | ||
| 005 | 20251222113205.0 | ||
| 008 | 251218s2002##################000#0#eng## | ||
| 020 | _a9783631501665 | ||
| 082 | 0 | 4 |
_a234.096 _bBRA |
| 100 | 1 |
_aBrand, Gerrit, _eauthor. |
|
| 245 | 1 | 0 | _aSpeaking of a Fabulous Ghost : |
| 260 |
_bPeter Lang Pub Incorporated, _c2002. |
||
| 300 | _a251 pages | ||
| 650 | 0 | _aReligion. | |
| 942 | _cENGLISH | ||
| 040 |
_aYourLibrary _beng _cYourLibrary |
||
| 999 |
_c603958 _d603958 |
||